LEADER 03194nam 22007695 450 001 9910483651003321 005 20251225173426.0 010 $a3-030-69136-5 024 7 $a10.1007/978-3-030-69136-3 035 $a(OCoLC)1244116526 035 $a(CKB)4100000011752008 035 $a(DE-He213)978-3-030-69136-3 035 $a(MiAaPQ)EBC6473601 035 $a(PPN)253859433 035 $a(EXLCZ)994100000011752008 100 $a20210206d2021 u| 0 101 0 $aeng 135 $aurnn#008mamaa 181 $ctxt$2rdacontent 182 $cc$2rdamedia 183 $acr$2rdacarrier 200 10$aSmart Cities $eThird Ibero-American Congress, ICSC-Cities 2020, San José, Costa Rica, November 9-11, 2020, Revised Selected Papers /$fedited by Sergio Nesmachnow, Luis Hernández Callejo 205 $a1st ed. 2021. 210 1$aCham :$cSpringer International Publishing :$cImprint: Springer,$d2021. 215 $a1 online resource (XIII, 324 p. 139 illus., 133 illus. in color.) 225 1 $aCommunications in Computer and Information Science,$x1865-0937 ;$v1359 300 $aIncludes index. 311 08$a3-030-69135-7 327 $aEnergy Efficiency and Sustainability -- Mobility and IoT -- Infrastructure, Environment, Governance. . 330 $aThis book constitutes the thoroughly refereed proceedings of the Third Ibero-American Congress, ICSC-CITIES 2020, held in Costa Rica, in November 2020. Due to the COVID-19 pandemic the conference was held online. The 21 full papers presented were carefully reviewed and selected from 99 submissions. The papers are organized on topical sections on Energy Efficiency and Sustainability; Mobility and IoT; Infrastructure, Environment, Governance. . 410 0$aCommunications in Computer and Information Science,$x1865-0937 ;$v1359 606 $aDatabase management 606 $aComputer systems 606 $aComputer networks 606 $aSoftware engineering 606 $aArtificial intelligence 606 $aUser interfaces (Computer systems) 606 $aHuman-computer interaction 606 $aDatabase Management System 606 $aComputer System Implementation 606 $aComputer Communication Networks 606 $aSoftware Engineering 606 $aArtificial Intelligence 606 $aUser Interfaces and Human Computer Interaction 615 0$aDatabase management. 615 0$aComputer systems. 615 0$aComputer networks. 615 0$aSoftware engineering. 615 0$aArtificial intelligence. 615 0$aUser interfaces (Computer systems) 615 0$aHuman-computer interaction. 615 14$aDatabase Management System. 615 24$aComputer System Implementation. 615 24$aComputer Communication Networks. 615 24$aSoftware Engineering. 615 24$aArtificial Intelligence. 615 24$aUser Interfaces and Human Computer Interaction. 676 $a307.1216 702 $aHerna?ndez Callejo$b Luis 702 $aNesmachnow$b Sergio 801 0$bMiAaPQ 801 1$bMiAaPQ 801 2$bMiAaPQ 906 $aBOOK 912 $a9910483651003321 996 $aSmart Cities$93584983 997 $aUNINA